Sci-Fi Movies Starting with D - Statistics

General Stats
  • This quiz has been taken 22 times
  • The average score is 3 of 13
Answer Stats
# Answer % Correct
6 Deadpool
65%
13 Dune
65%
2 Dawn of the Dead
35%
1 Daredevil
29%
4 The Day the Earth Stood Still
18%
3 Day After Tomorrow
12%
9 Doctor Who (TV Movie)
12%
7 Destination Moon
6%
10 Donovan's Brain
6%
11 Don't Worry Darling
6%
12 Dr. Jekyll & Mr. Hyde
6%
5 The Deadly Mantis
6%
8 Dinosaurus!
0%
No matching quizzes found
Score Distribution
Percent of People with Each Score
Percentile by Number Answered
Your Score History
You have not taken this quiz